000 00429nam a2200181Ia 4500
005 20250423094651.0
008 250422s9999 xx 000 0 und d
020 _a0-07-026768-5
050 _aTS156.H338/
100 _aDr. H. J Harrington
245 0 _aBusiness process improvement
260 _aNew York
260 _bMcGraw-Hill
260 _c1991
300 _a274 p
650 _aProduction Management
942 _cBK
999 _c27933
_d27933